Sahoe kujo, kwanhon sangje /
Saved in:
| Corporate Author: | |
|---|---|
| Format: | Book |
| Language: | Korean |
| Published: |
Sŏul :
Koryŏ Taehakkyo Minjok Munhwa Yŏnʾguso,
1980.
|
| Series: | Hanʾguk minsok taegwan ;
1. |
| Subjects: | |
| Tags: |
Add Tag
No Tags, Be the first to tag this record!
|
| LEADER | 01569nam a2200373 a 4500 | ||
|---|---|---|---|
| 001 | 007743301-7 | ||
| 005 | 20024617123543.0 | ||
| 008 | 811210s1980 ko a b 001 0 korr | ||
| 010 | |a 81212197 | ||
| 020 | |c W30000 | ||
| 035 | 0 | |a ocm17035890 | |
| 040 | |a DLC |c DLC |d OCoLC |d OrU-S/OrU-L/OrU |d MH-HY |d CStRLIN | ||
| 041 | 0 | |a kor |b eng | |
| 050 | 0 | |a DS904 |b .H2689 1980x v.1 | |
| 245 | 0 | 0 | |6 880-01 |a Sahoe kujo, kwanhon sangje / |c [pʻyŏnja Kodae Minjok Munhwa Yŏnʾguso]. |
| 246 | 3 | |a Social structure, rites and ceremonies | |
| 260 | |6 880-02 |a Sŏul : |b Koryŏ Taehakkyo Minjok Munhwa Yŏnʾguso, |c 1980. | ||
| 300 | |a 810 p. : |b ill. (some col.) ; |c 27 cm. | ||
| 490 | 1 | |6 880-03 |a Hanʾguk minsok taegwan = |a Survey of Korean folk culture ; |v 1 | |
| 504 | |a Includes bibliographical references and index. | ||
| 546 | |a Summary in English with caption title: Social structure, rites and ceremonies. | ||
| 651 | 0 | |a Korea |x Social life and customs. | |
| 650 | 0 | |a Folklore |z Korea. | |
| 650 | 0 | |a Folk art |z Korea. | |
| 651 | 0 | |a Korea |x Religious life and customs. | |
| 710 | 2 | |6 880-04 |a Koryŏ Taehakkyo. |b Minjok Munhwa Yŏnʾguso. | |
| 880 | 0 | 0 | |6 245-01 |a 社會構造, 冠婚喪祭 / |c [編者高大民族文化硏究所]. |
| 880 | |6 260-02 |a 서울 : |b 高麗大學校民族文化硏究所, |c 1980. | ||
| 880 | 1 | |6 490-03 |a 韓國民俗大觀 = |a Survey of Korean folk culture ; |v 1 | |
| 880 | 2 | |6 710-04 |a 高麗大學校. |b 民族文化硏究所. | |
| 830 | 0 | |6 880-05 |a Hanʾguk minsok taegwan ; |v 1. | |
| 880 | 0 | |6 830-05 |a 韓國民俗大觀 ; |v 1. | |
| 988 | |a 20021207 | ||
| 906 | |0 DLC | ||


